Video Games By Protagonists - Statistics

General Stats
  • This quiz has been taken 184 times
  • The average score is 8 of 18
Answer Stats
Protagonist Game % Correct
Kratos God of War
95%
Nathan Drake Uncharted
82%
John Marston Red Dead Redemption
72%
Joel Miller The Last of Us
59%
Sackboy Little Big Planet
58%
Ethan Winters Resident Evil 7 / Village
57%
Phoenix Wright Ace Attorney
52%
Tommy Vercetti Grand Theft Auto Vice City
47%
Edward Kenway Assassins Creed 4 Black Flag
42%
Aiden Pearce Watch Dogs
36%
Frisk Undertale
31%
Jason Brody Far Cry 3
27%
Rico Rodriguez Just Cause
27%
Booker DeWitt Bioshock Infinite
24%
Cole Phelps LA Noire
24%
Wei Shen Sleeping Dogs
17%
Polyblank Jazzpunk
4%
Nigel Burke Surgeon Simulator
2%
No matching quizzes found
Score Distribution
Percent of People with Each Score
Percentile by Number Answered
Your Score History
You have not taken this quiz